Central Library OPAC University of Rajshahi

পৌরানিক-সাম্প্রতিক / (Record no. 74324)

MARC details
000 -LEADER
fixed length control field 00837nam a2200253 a 4500
001 - CONTROL NUMBER
control field 74324
003 - CONTROL NUMBER IDENTIFIER
rucl marc code BD-RjUL
005 - DATE AND TIME OF LATEST TRANSACTION
control field 20211209082534.0
008 - FIXED-LENGTH DATA ELEMENTS--GENERAL INFORMATION
fixed length control field 180708s2016 b ||||| |||| 00| 0 ben d
020 ## - INTERNATIONAL STANDARD BOOK NUMBER
International Standard Book Number 9789849164326
Terms of availability Tk.560.00
035 ## - SYSTEM CONTROL NUMBER
System control number (BD-RjUL)74542
040 ## - CATALOGING SOURCE
Original cataloging agency BD-RjUL
Language of cataloging eng
Transcribing agency BD-RjUL
041 ## - LANGUAGE CODE
Language code of text/sound track or separate title ben
082 ## - DEWEY DECIMAL CLASSIFICATION NUMBER
Edition number 23
Classification number 398.2
Author mark and year SAP 2016
100 ## - MAIN ENTRY--PERSONAL NAME
Personal name সাহা, সনৎকুমার
9 (RLIN) 221665
245 ## - TITLE STATEMENT
Title পৌরানিক-সাম্প্রতিক /
Statement of responsibility, etc. সনৎকুমার সাহা,
260 ## - PUBLICATION, DISTRIBUTION, ETC. (IMPRINT)
Place of publication, distribution, etc. বাংলাদেশ ,
Name of publisher, distributor, etc. বেঙ্গল পাব ,
Date of publication, distribution, etc. ২০১৬
300 ## - PHYSICAL DESCRIPTION
Pagination ২৫৫ পৃ. ;
Size ২২ সেমি.
650 ## - SUBJECT ADDED ENTRY--TOPICAL TERM
Topical term or geographic name as entry element Mythology
9 (RLIN) 221666
Topical term or geographic name as entry element পুরাণ
9 (RLIN) 221667
Topical term or geographic name as entry element ধর্ম।
9 (RLIN) 221668
Topical term or geographic name as entry element Religion.
9 (RLIN) 221669
942 ## - ADDED ENTRY ELEMENTS (KOHA)
Source of classification or shelving scheme Dewey Decimal Classification
Koha item type Books
Holdings
Lost status Source of classification or shelving scheme Damaged status Not for loan Collection code Permanent Location Current Location Shelving location Date acquired Source of acquisition Cost, normal purchase price Total Checkouts Full call number Date last seen Copy number Koha item type
  Dewey Decimal Classification     Non-fiction Central Library, University of Rajshahi Central Library, University of Rajshahi   23/03/2017 Rajshahi news home 560.00   B 398.2 SAP 2016 08/07/2018 C-2 Books
  Dewey Decimal Classification     Non-fiction Central Library, University of Rajshahi Central Library, University of Rajshahi   23/03/2017 Rajshahi news home 560.00   B 398.2 SAP 2016 08/07/2018 C-3 Books
  Dewey Decimal Classification   Not For Loan Non-fiction Central Library, University of Rajshahi Central Library, University of Rajshahi Reading Room 23/03/2017 Rajshahi news home 560.00   B 398.2 SAP 2016 10/07/2018 C-1 Books